Václav Brožík ...

Reprodukcia portrétu (kresby) maliara historických obrazov V. Brožíka pri príležitosti 25. výročia jeho smrti - 15.4.1901 v Paríži

Bibliographic Details
Format: Article
Language:Slovak
Subjects:

MARC

LEADER 00000nab a22000001a 4500
001 vtls008997101
003 SK-MaSNL
005 20260303065758.0
008 070607d19260414xo |r|p|||| |000 b|slo
015 |a SNBRRBVU1918-1938 
038 |a SNKBUCL 
038 |a SNKBUVU 
040 |a SNKBUVU  |b slo  |c SNKBUCL  |e AACR2 
041 0 |a slo 
044 |a xo  |c SK 
080 |a 75.071.1  |2 1997 
080 |a 929 Brožík, Václav  |2 1997 
245 0 0 |a Václav Brožík ... 
520 |a Reprodukcia portrétu (kresby) maliara historických obrazov V. Brožíka pri príležitosti 25. výročia jeho smrti - 15.4.1901 v Paríži 
600 1 7 |a Brožík, Václav,  |d 1851-1901  |2 MM  |9 400538 
655 7 |a fotografie  |2 MM  |9 70713 
773 0 |t Slovenská politika  |g Roč. 7, č. 86 (14.4.1926), s. 2 
852 |a SNK  |b KIS3GCP 
910 |a snkrbvumm 
958 |a VY 
958 |a CZ 
958 |a BC 
999 |c 1752649  |d 1754579